LIBRARY ONLINE CATALOGUE

Longman dictionary of contemporary English. (Record no. 14894)

MARC details
000 -LEADER
fixed length control field 00630cam a22002172 4500
001 - CONTROL NUMBER
control field 0000002112
005 - DATE AND TIME OF LATEST TRANSACTION
control field 20151217161130.0
008 - FIXED-LENGTH DATA ELEMENTS--GENERAL INFORMATION
fixed length control field 070402s xx 000 0 eng d
020 ## - INTERNATIONAL STANDARD BOOK NUMBER
International Standard Book Number 0582776481 :
Terms of availability KES 750
040 ## - CATALOGING SOURCE
Original cataloging agency KABU
Transcribing agency KABU
050 #0 - LIBRARY OF CONGRESS CALL NUMBER
Classification number PE1628
Item number .L66 2003
245 10 - TITLE STATEMENT
Title Longman dictionary of contemporary English.
250 ## - EDITION STATEMENT
Edition statement New ed.
260 ## - PUBLICATION, DISTRIBUTION, ETC. (IMPRINT)
Place of publication, distribution, etc. Harlow, England :
Name of publisher, distributor, etc. Pearson Education,
Date of publication, distribution, etc. 2003.
300 ## - PHYSICAL DESCRIPTION
Extent xvii, 1949 p.
500 ## - GENERAL NOTE
General note with CD ROM.
650 #0 - SUBJECT ADDED ENTRY--TOPICAL TERM
Topical term or geographic name as entry element English language
Form subdivision Dictionaries.
-- 0000148334
908 ## - PUT COMMAND PARAMETER (RLIN)
Put command parameter 070402
950 ## - LOCAL HOLDINGS (RLIN)
-- 1
Holdings
Withdrawn status Lost status Source of classification or shelving scheme Not for loan Home library Current library Date acquired Total Checkouts Full call number Barcode Date last seen Price effective from Koha item type
    Library of Congress Classification Not For Loan Kabarak, Main Campus Kabarak, Main Campus 17/12/2015   PE1628 .L66 2003 c. 1 009925 17/12/2015 17/12/2015 Reference